000 00375nam a2200133Ia 4500
008 220216s9999 xx 000 0 und d
100 _aFrench T
245 0 _aTyre development and application
260 _bProceedings of the International Rubber Conference, London, 1967, p377-388
650 _aPneumatic tyres
650 _aTyre
700 _aHofferberth W
942 _cJS
999 _c71649
_d71649